| 000 | 00378nam a2200145Ia 4500 | ||
|---|---|---|---|
| 008 | 230917s9999||||xx |||||||||||||| ||und|| | ||
| 040 |
_e215102 _aMAIN |
||
| 041 | _aEnglish | ||
| 082 | _a821.8 E46R:T | ||
| 100 | _aRehman, Adibur | ||
| 245 | 0 | _aT S Eliot: A cross cultural perspective | |
| 260 |
_aNew Delhi _bAtlantic Publishers _c2013 |
||
| 300 | _axi, 129 p. | ||
| 942 | _cBK | ||
| 999 |
_c179289 _d179289 |
||